Größte Orte im Kreis Schleswig-Flensburg - Statistiken

Allgemein
  • Dieses Quiz wurde 52 mal gespielt
  • Das Durchschnittsergebnis liegt bei 7 aus 15
Antwortstatistiken
Einwohnerzahl Ort % Korrekt
25.904 Schleswig
93%
8.683 Kappeln
70%
6.101 Tarp
70%
11.733 Harrislee
67%
11.371 Handewitt
65%
6.381 Glücksburg (Ostsee)
63%
4.230 Sörup
53%
5.311 Süderbrarup
53%
6.709 Kropp
33%
3.621 Oeversee
28%
2.909 Steinbergkirche
26%
5.447 Mittelangeln
23%
2.763 Schuby
21%
2.955 Schafflund
19%
3.322 Großenwiehe
12%
Keine übereinstimmenden Quizze gefunden
Verteilung der Resultate
Anzahl Personen mit jedem Resultat
Perzentil nach korrekt beantworteten Fragen
Ihre Resultats-Entwicklung
Sie haben dieses Quiz noch nicht gespielt